| 000 | 00445cam a2200169ua 4500 | ||
|---|---|---|---|
| 001 | 10728 | ||
| 008 | 190330n ii |||gr||||Z||||||eng | ||
| 020 | _a9789382126775 | ||
| 040 | _cMAIN | ||
| 082 | _a150 | ||
| 100 |
_aG Vidya Sagar Reddy, _eAuthor. |
||
| 245 | _aMeasurment and evaluation in psychology and education | ||
| 260 |
_aNew Delhi: _bAstha publishers & distributors, _c2016. |
||
| 300 | _a248p. | ||
| 653 | _aPsychology | ||
| 942 | _cBK | ||
| 999 |
_c9695 _d9695 |
||